Normal view
MARC view
Entry Personal Name
001 - CONTROL NUMBER
- control field: 14358
003 - CONTROL NUMBER IDENTIFIER
- control field: BD-RjUL
005 - DATE AND TIME OF LATEST TRANSACTION
- control field: 20241121120948.0
008 - FIXED-LENGTH DATA ELEMENTS
- fixed length control field: 241121|| aca||aabn | a|a d
040 ## - CATALOGING SOURCE
- Original cataloging agency: BD-RjUL
- Transcribing agency: BD-RjUL
100 ## - HEADING--PERSONAL NAME
- Personal name: রহমান, মুহাম্মাদ হাবিবুর
670 ## - SOURCE DATA FOUND
- Source citation: Work cat.: (BD-RjUL)84340: রহমান, মুহাম্মাদ হাবিবুর , সমাজবিজ্ঞান পরিচিতি /, ১৯৯৪